01348nam a2200217 i 450000100060000000300090000600500170001500700030003200800410003524501390007626000440021530000300025949000300028950505680031960000700088760000750095760000250103270000220105783000300107985200210110960596ES-MaACL20230906164251.0t|031105s1934 fr a |||| | fre d00aEssais sur Kierkegaard, Pétrarque, Goethe b: religion et philosophie, musique et poesie, dessins / c[Theodor Haecker... [et al.]]. aParis : bDesclée de Brouwer, c1934. a326 p. : bil. ; c21 cm.1 aCourrier des îles ; v48 aContiene: Haecker, Theodor. La notion de la vérité chez Sören Kierkegaard (trad par Jean Chuzeville). - Maritain. Raïssa. Douceur du monde. Procession. - Schloezer, B. de. Arthur Lourié. - Saint Jean Climaque. Pensées (trad. par Théodore Strawinsky)--Carrouges, Jean. Voie lactée. L'ancien continent. La feinte alternative. Les journaliers. - Gandillae, Maurice de. Pétrarque et son démon. - Seuphor, Michel. Informations. - Rama Krishna. De la piété vaïshnava. - Du Bos, Charies. Le dernier amour de Goethe et l'"Élégie de Marienbad14aKierkegaard, Søren (d1813-1855)-xCrítica e interpretación.14aGoethe, Johann Wolfgang von,d1749-1832-xCrítica e interpretación14aPetrarca, Francesco.1 aHaecker, Theodor.0 aCourrier des îles ; v4 aES-MaACLjA-2694